000 01156cam a22003257a 4500
003 CHAP
005 20220329142908.0
008 050119d2003 mx r 00110 spa d
010 _a89325
011 _a90297
035 _a100853
040 _cCHAP
090 _aTesis
100 0 0 _aGarcía Burgos, María Guadalupe.
_945790
245 1 0 _aEstudio etnobotánico de los solares de la cabecera municipal de Tihuatlán, en la huasteca veracruzana, México
_c/por María Guadalupe García Burgos
260 _aLos Reyes Iztacala, México :
_bEl autor,
_c2003.
300 _a163 h. :
_bilus. ; cuadros
502 _aTesis (Lic. en Biología) - - UNAM. Facultad de Estudios Superiores
590 _aALEPH
_b10
_c20130110
_lUCH01
_h1503
590 _aBATCH-UPD
_b10
_c20130110
_lUCH01
_h0608
590 _aBATCH-UPD
_b10
_c20130410
_lUCH01
_h0250
590 _aBATCH-UPD
_b10
_c20130914
_lUCH01
_h1331
590 _aCONVERSION
_b10
_c20130109
_lUCH01
_h1349
650 1 4 _aEtnobotánica
_zVeracruz.
_938649
650 1 4 _aHuertos familiares.
_956726
901 _aBK
905 _aLilia
942 _cTESIS
949 _aTesis
_bBC
_cTES
_d100853
_eTS1
_h43219
_i100853
_sb
999 _c89325
_d89325